دور المشاريع الصغيرة في الحد من الفقر والبطالة في الأردن / (رقم التسجيلة. 81876)

تفاصيل مارك
000 -الفاتح
عناصر البيانات ثابتة الطول 00745cam a2200181 i 4500
005 - تاريخ ووقت آخر معاملة
حقل ضبط 20260119121244.0
008 - عناصر البيانات ثابتة الطول
عناصر البيانات ثابتة الطول 250721s9999 jo gr 000 0 ara d
082 14 - رقم تصنيف ديوي العشري
رقم التصنيف 331.137
رقم المادة د و ر
245 00 - بيان العنوان
العنوان دور المشاريع الصغيرة في الحد من الفقر والبطالة في الأردن /
بيان المسؤولية تحرير الدكتور موسى شتيوي ؛ المشاركون د. حسين شخاترة [واربعة آخرون].
250 ## - بيان الطبعة
بيان الطبعة الطبعة الاولى.
264 31 - بيانات النشر، التوزيع…إلخ
مكان النشر، التوزيع...إلخ عمان :
اسم الناشر، الموزع...إلخ دار قنديل للنشر،
تاريخ النشر، التوزيع...إلخ 2002.
300 ## - الوصف المادي
عدد الوحدات المكونة للوعاء 211 صفحة.
650 17 - مدخل إضافي بالموضوع - مصطلح موضوعي
مصطلح موضوعي أو اسم جغرافي كعنصر مدخل البطالة.
650 17 - مدخل إضافي بالموضوع - مصطلح موضوعي
مصطلح موضوعي أو اسم جغرافي كعنصر مدخل محاربة الفقر.
650 17 - مدخل إضافي بالموضوع - مصطلح موضوعي
مصطلح موضوعي أو اسم جغرافي كعنصر مدخل المؤسسات الخيرية.
942 ## - بيانات إضافية (كوها)
نوع التنصيف Dewey Decimal Classification
نوع المادة (كوها) كتب
المقتنيات
حالة السحب حالة الفقدان مصدر التصنيف حالة التلف غير قابل للإعارة المكتبة الرئيسية المكتبة الحالية موقع الرف تاريخ التزويد الرقم المتسلسل Total Checkouts رقم الإستدعاء الباركود تاريخ آخر ظهور تاريخ الفاتورة نوع المادة (كوها) العملة
    Dewey Decimal Classification     المكتبة المركزية المكتبة المركزية الإعارة 19/01/2026 515523   331.137 / د و ر 515523 19/01/2026 19/01/2026 كتب JOD
    Dewey Decimal Classification   Not For Loan مكتبة منتدى الرواد مكتبة منتدى الرواد لا يعار 28/07/2025 1652170   331.137دورم PLD00413563 28/07/2025 28/07/2025 كتب  
Implemented & Customized by: BBB with SCIT (Smart Chains for Information Technology)

Powered by Koha